| 000 | 00000nam##2200000za#4500 |
| 001 | 9.695952 |
| 003 | CaOODSP |
| 005 | 20210624234819 |
| 007 | cr ||||||||||| |
| 008 | 150407|2000||||xxc|||||o f|0| 0 eng|d |
| 040 | |aCaOODSP|beng |
| 043 | |an-cn--- |
| 086 | 1 |aSN3-329/2000E-IN |
| 110 | 1 |aCanada.|bNational Library of Canada. |
| 245 | 14|aThe Oscar Peterson fonds : |h[electronic resource]|bnumerical list / |cby Stéphane Jean. |
| 260 | |aOttawa - Ontario : |bNational Library of Canada |cc2000. |
| 300 | |a44p.|bindex |
| 500 | |aN.B.: Incorrect catalogue number (SN3-329/2000E-IN) printed in this publication. |
| 504 | |aBibliography. |
| 590 | |a12-17-Supp|b2012-04-20 |
| 690 | 07|aMusic|2gcpds |
| 690 | 07|aArchives|2gcpds |
| 720 | 1 |aJean, Stéphan |
| 775 | 08|tLe fonds Oscar-Peterson : |w(CaOODSP)9.640072 |
| 776 | 0#|tThe Oscar Peterson fonds : |w(CaOODSP)9.647763 |
| 856 | 40|ahttp://publications.gc.ca|qPDF|s501 KB|uhttps://publications.gc.ca/collections/Collection/SN3-329-2000E.pdf |